Countries by population density - Statistics

General Stats
  • This quiz has been taken 10 times
  • The average score is 12 of 20
Answer Stats
Rank Country % Correct
3 Bahrain
88%
7 Bangladesh
88%
1 Monaco
88%
2 Singapore
88%
15 San marino
75%
10 Taiwan
75%
4 Vatican
75%
9 Barbados
63%
20 Comoros
63%
5 Maldives
63%
6 Malta
63%
11 Mauritius
63%
17 Netherlands
63%
18 South korea
63%
16 Burundi
50%
12 Nauru
50%
13 Rwanda
50%
14 Lebanon
38%
19 Inida
0%
8 Palestine
0%
No matching quizzes found
Score Distribution
Percent of People with Each Score
Percentile by Number Answered
Your Score History
You have not taken this quiz